00799nam a2200205Ia 4500003000900000008004100009020003100050022002200081022002300103040001600126100002600142245004900168260003100217300001300248490002800261856010800289942000700397999001700404952017200421IN-BaIIA211028s9999 xx s 000 0 eng d a978-2-7598-0441-2 (Online) a1633-4760 (Print) a1638-1963 (Online) cIIA Library aKern, P., ed. 938189 0aAstrophysics Detector Workshop 2008h[eBook] aFrancebEDP Sciencesc2009 av, 395p. aEAS Publications Series uhttps://www.eas-journal.org/articles/eas/abs/2009/04/contents/contents.htmlyClick Here to Access eBook cEB c20631d20631 00104070aBANbBANd2013-01-01eEDP ScienceshV. 37l0pEB91r2021-11-05uhttps://www.eas-journal.org/articles/eas/abs/2009/04/contents/contents.htmlw2021-11-05yEB